000 01829nam a2200505 i 4500
001 24420
003 KOSZ 005
005 20211220151851.0
008 961010s1995 pl a f f |000 0 pol d
020 _a8386123338
040 _cKOSZ 005
_aKOSZ 005
_dKOSZ 005/HR
041 0 _apol
080 _a621.56
080 _a536
080 _a664.8/.9
080 _a(075.8)
100 1 _aCzapp, Marian
_eAutor
245 1 0 _aBilans cieplny pomieszczeń chłodni :
_bzasady opracowania /
_cMarian Czapp, Henryk Charun ; Wyższa Szkoła Inżynierska w Koszalinie.
250 _a[Wyd.2 zm.].
260 _aKoszalin :
_bWydawnictwo Uczelniane WSI,
_c1995.
300 _a349 s. :
_brys., wykr. ;
_c24 cm.
336 _2rdacontent
_aTekst
_btxt
337 _2rdamedia
_aBez urządzenia pośredniczacego
_bn
338 _2rdacarrier
_aWolumin
_bnc
380 _aKsiążki
380 _aPublikacje dydaktyczne
385 _mPoziom nauczania
_aSzkoły wyższe
388 _a1901-2000
388 _a1989-2000
500 _aWyd.1 ukazało się pt."Zasady opracowania bilansu cieplnego pomieszczeń chłodni".
504 _aBibliogr. s. 343-349.
521 _aSkrypt Wydziału Mechanicznego do przedmiotu: Maszyny i urządzenia chłodnicze.
650 7 _aChłodnictwo
650 7 _aChłodnie
650 7 _aProjektowanie
650 7 _aCiepło
650 7 _aIzolacje cieplne
650 7 _aMrożonki
655 7 _aPodręczniki akademickie
658 _aInżynieria i technika
710 2 _aWydawnictwo Uczelniane (Wyższa Szkoła Inżynierska ; Koszalin)
_4pbl
700 1 _aCharun, Henryk
_d(1946-2021)
_eAutor
856 _uhttp://koha.tu.koszalin.pl/cgi-bin/koha/opac-detail.pl?biblionumber=24420
_yKatalog online BPK
942 _cKS
_2UKD
999 _c24420
_d24420